IFM Opac

Discovering Statistics Using SAS (Record no. 22227)

MARC details
000 -LEADER
fixed length control field 00327nam a22001337a 4500
020 ## - INTERNATIONAL STANDARD BOOK NUMBER
ISBN 978-1-84920-092-9
082 ## - DEWEY DECIMAL CLASSIFICATION NUMBER
Classification number 519.5
100 ## - MAIN ENTRY--AUTHOR NAME
Personal name Field, Andy
245 ## - TITLE STATEMENT
Title Discovering Statistics Using SAS
260 ## - PUBLICATION, DISTRIBUTION, ETC. (IMPRINT)
Place of publication London:
Name of publisher SAGE Publication,
Year of publication 2010
300 ## - PHYSICAL DESCRIPTION
Number of Pages xxxii, 719p.: ill.; 27cm
700 ## - ADDED ENTRY--PERSONAL NAME
Personal name Miles, Jeremy
942 ## - ADDED ENTRY ELEMENTS (KOHA)
Koha item type Books
Holdings
Withdrawn status Lost status Damaged status Not for loan Collection code Permanent Location Current Location Shelving location Date acquired Source of acquisition Full call number Accession Number Price effective from Koha item type
        Non-fiction IFM Main Campus Library IFM Main Campus Library Work Room processing 01/26/2026 Purchased 519.5 FIE 0000030953 01/26/2026 Books